Call of Duty Zombies Perk Icons - Statistics

General Stats
  • This quiz has been taken 145 times
    144 since last reset
  • The average score is 18 of 33
Answer Stats
Picture Answer % Correct
Quick Revive
99%
Speed Cola
98%
Double Tap
97%
Juggernog
94%
Stamin-Up
93%
Tombstone
93%
Mule Kick
92%
PhD Flopper
92%
Electric Cherry
89%
Widow's Wine
89%
Vulture Aid
80%
Who's Who
80%
Deadshot Daiquiri
72%
Elemental Pop
54%
Death Perception
51%
PhD Slider
49%
Timeslip
48%
Dying Wish
42%
Bandolier Bandit
39%
Stone Cold Stronghold
37%
Blaze Phase
32%
Blood Wolf Bite
32%
Electric Burst
31%
Winter's Wail
31%
Victorious Tortoise
30%
Ethereal Razor
29%
Deadshot Dealer
28%
Zombshell
28%
Demonic Frenzy
13%
Fiendish Fortitude
13%
Venomous Vigor
13%
Aethereal Haste
12%
Diabolical Damage
12%
No matching quizzes found
Score Distribution
Percent of People with Each Score
Percentile by Number Answered
Your Score History
You have not taken this quiz since the last reset